| 000 | 00470nam a2200169 i 4500 | ||
|---|---|---|---|
| 001 | 28828 | ||
| 003 | ES-MaACL | ||
| 005 | 20230906153933.0 | ||
| 007 | t| | ||
| 008 | 030120s1980 sp ||||1| spa d | ||
| 100 | 1 |
_aAzuela, Mariano. _924375 |
|
| 245 | 1 | 0 |
_aLos de abajo / _cMariano Azuela ; edición de Marta Portal. |
| 260 |
_aMadrid : _bCátedra, _c[1980] |
||
| 300 |
_a216 p. ; _c18 cm. |
||
| 700 | 1 |
_aPortal, Marta. _993192 |
|
| 852 |
_aES-MaACL _jA-10959 _bR.100300 |
||
| 999 |
_c28828 _d28828 |
||